| 000 | 00648nam a2200241Ia 4500 | ||
|---|---|---|---|
| 008 | 180523s9999 xx 000 0 und d | ||
| 020 | _a981-232-488-7 | ||
| 050 | _aMAIN DP 17 | ||
| 050 | _b.K64 2003 | ||
| 100 | _aKohen, Elizabeth. | ||
| 245 | 0 | _aSpain / | |
| 245 | 0 | _cElizabeth Kohen, Marie Louise Elias. | |
| 260 | _aSingapore : | ||
| 260 | _bTimes Books, | ||
| 260 | _c2003 | ||
| 300 | _a144 pages : | ||
| 300 | _bcolored illustrations ; | ||
| 300 | _c23 cm. | ||
| 440 | _aCultures of the world. | ||
| 500 | _aIncludes bibliographical references and index. | ||
| 650 | _aSpain. | ||
| 650 | _xSpain -- Social life and customs. | ||
| 999 |
_c356611 _d356611 |
||